000 00739nam a2200241 i 4500
001 bgj
100 1 _aSCOTT-BARRET, Fiona
245 1 0 _aNew Proficiency Use of English /
_cFiona Scott-Barret.
260 _aHarlow, Essex :
_bLongman,
_c2003.
300 _a42, [1] pp ;
_c29 cm.
490 1 _aLongman Exam Skills
650 9 _aEnglish language
_xExaminations, questions, etc.
650 9 _aEnglish language
_xAssessment tests
650 9 _aEnglish language
_xProficiency tests
650 9 _aEnglish language
_xUse of English |Proficiency tests
830 _aLongman Exam Skills
020 _a0582504783
040 _cBPK
041 0 _aeng
920 _a0-582-50478-3
942 _cKS
008 s uk f |000 0 eng
999 _c48758
_d48758
856 _uhttp://koha.tu.koszalin.pl/cgi-bin/koha/opac-detail.pl?biblionumber=48758
_yKatalog online BPK